|
|
|
|
| LEADER |
01552nam a2200289 a 4500 |
| 001 |
14513653 |
| 003 |
BD-DhAAL |
| 008 |
090720s2006 ii a fb 001 0 eng d |
| 010 |
|
|
|a 2006027768
|
| 020 |
|
|
|a 9780761935285 (pbk.)
|
| 020 |
|
|
|a 0761935282 (pbk.)
|
| 040 |
|
|
|a DLC
|c DLC
|d DLC
|d BD-DhAAL
|
| 082 |
0 |
0 |
|a 658.3/124
|2 22
|
| 100 |
1 |
|
|a Guptan, Sunil Unny.
|9 57636
|
| 245 |
1 |
0 |
|a Mentoring :
|b a practitioner's guide to touching lives /
|c Sunil Unny Guptan.
|
| 260 |
|
|
|a New Delhi ;
|a Thousand Oaks, Calif. :
|b Response Books,
|c 2006.
|
| 300 |
|
|
|a 214 p. :
|b ill. ;
|c 20 cm.
|
| 504 |
|
|
|a Includes bibliographical references (p. [206]-207) and index.
|
| 505 |
0 |
|
|a Who should read this book -- Getting to know the mentor -- The mentoring process -- The mentor's mind -- Mentoring competencies and skills -- Issues in mentoring -- Expectations in mentoring -- Mentoring schemes in organizations -- FAQ on mentoring.
|
| 526 |
|
|
|x Salim khan
Sr. program Associate
James P. Grant School
Course name and no. N/A
|
| 541 |
1 |
|
|a Paragon Enterprises
|e 00018432
|
| 650 |
|
0 |
|a Mentoring in business
|v Handbooks, manuals, etc.
|9 57637
|
| 650 |
|
0 |
|a Mentoring in the professions
|v Handbooks, manuals, etc.
|9 57638
|
| 852 |
4 |
|
|a SPH
|j General Shelf.
|
| 942 |
|
|
|2 ddc
|c BK
|
| 999 |
|
|
|c 2582
|d 2582
|
| 952 |
|
|
|0 0
|1 0
|2 ddc
|4 0
|6 658_312400000000000_GUP
|7 0
|9 2353
|a JPGSPH
|b JPGSPH
|d 2009-04-28
|e Paragon Enterprise Ltd.
|g 396.00
|l 0
|o 658.3124 GUP
|p 3060018432
|r 2009-07-21
|t 1
|w 2009-07-21
|y BK
|x Requisitioned by Salim khan, Sr. program Associate, James P. Grant School. Course name and no. N/A
|